000 00538nam a22001337a 4500
040 _cRUA
082 _aAGR LON 2000 B026 Or.1
100 _aLONG, PISETH.
245 _aCashe wnut production and market in kampong thom province ផលិតកម្្ម​និងទីផ្សារស្វាយចន្ទីនៅខេត្តកំពង់ធំ
260 _aPhnom Penh
_bRUA
_c2000
300 _a43p.
_bill.
_c29cm.
856 _uhttps://drive.google.com/file/d/1_MGUz20IoiNWv5Cz-gsk0KLjIVVycSQr/view?usp=sharing
942 _cAGR
999 _c450
_d450